Statistics for Portmanteaus #1

Click here to take the quiz!

General Stats

  • This quiz has been taken 122 times
  • The average score is 14 of 15

Answer Stats

One Half+One Half=Answer% Correct
Breakfast+Lunch=Brunch
100%
Motor+Hotel=Motel
100%
Spoon+Fork=Spork
100%
Cheese+Hamburger=Cheeseburger
97%
Smoke+Fog=Smog
97%
Britain+Exit=Brexit
96%
Gigantic+Enormous=Ginormous
96%
Situation+Comedy=Sitcom
96%
Mock+Documentary=Mockumentary
94%
Splash+Spatter=Splatter
91%
Yellow Pages+Help=Yelp
90%
Clutch+Grasp=Clasp
89%
Pasta+Rastafarianism=Pastafarianism
86%
Breath+Analyzer=Breathalyzer
83%
Chuckle+Snort=Chortle
69%

Score Distribution

Percentile by Number Answered

Percent of People with Each Score

Your Score History

You have not taken this quiz